Movie Rules Quiz Stats

 Plays Quiz Updated Sep 21, 2019

Score 0/24 Timer 06:00
1 Play Today
% Correct
The Karate Kid
95.3%
Harry Potter and the Order of the Phoenix
95.3%
Fight Club
94.6%
Speed
93.5%
Gremlins
91.1%
The Shawshank Redemption
88.5%
Jumanji
88.3%
Casino
85.5%
The Big Lebowski
84.1%
Legally Blonde
80%
Aladdin
73.7%
Ghostbusters
69.4%
% Correct
Anchorman: The Legend of Ron Burgundy
64.4%
Zombieland
64.3%
Finding Nemo
61.1%
Glengarry Glen Ross
55.4%
Million Dollar Baby
54.6%
Lord of War
54.5%
Wedding Crashers
49.3%
Scream
48.4%
Scarface
44.8%
Contact
32.7%
Joe Dirt
28.3%
Pirates of the Caribbean: The Curse of the Black Pearl
26.2%

You're not logged in!

Compare scores with friends on all Sporcle quizzes.
OR
Log In

Sporcle TV

Today on Sporcle TV


Watch our educational content, quiz creation guides, and fun videos on Sporcle TV.

Show Comments

Extras

Top Quizzes Today


Score Distribution

Your Account Isn't Verified!

In order to create a playlist on Sporcle, you need to verify the email address you used during registration. Go to your Sporcle Settings to finish the process.

Report this User

Report this user for behavior that violates our Community Guidelines.

Details: